| 000 | 00485nam a2200169Ia 4500 | ||
|---|---|---|---|
| 999 |
_c1029 _d1029 |
||
| 003 | OSt | ||
| 005 | 20210121115358.0 | ||
| 008 | 190216s9999||||xx |||||||||||||| ||und|| | ||
| 040 | _coclc | ||
| 082 |
_a574 _bGRA/T |
||
| 100 |
_aGraubard, Mark _98334 |
||
| 245 | 0 |
_aThe Founadations Of Life Science / _cMark Graubard |
|
| 260 |
_bAffiliated East West Press, _c1958. _aNew Delhi: |
||
| 300 | _a627p | ||
| 650 | _aBotany | ||
| 942 |
_cBK _2ddc _h574 _iGRA/T _k574 _mGRA/T |
||